Distritos de São Paulo adjacentes ao Rio Tietê - Statistics

Estatísticas Gerais
  • Esse quiz foi jogado 39 vezes
  • A pontuação média é 17 de 23
Respostas no mapa
Respostas codificadas por cores de uma escala verde-vermelha no mapa do quiz de acordo com a % correta abaixo.
 
Estatísticas das Respostas
Resposta % Correto
Barra Funda
95%
Lapa
95%
Limão
90%
Bom Retiro
86%
Freguesia do Ó
81%
Santana
81%
Tatuapé
81%
Vila Guilherme
81%
Vila Maria
81%
Casa Verde
76%
Ermelino Matarazzo
76%
Jaguaré
76%
Pirituba
76%
Penha
71%
Jaguara
67%
Pari
67%
São Miguel
67%
Belém
62%
Cangaiba
62%
Jardim Helena
62%
São Domingos
62%
Vila Leopoldina
62%
Vila Jacuí
57%
Nenhum quiz correspondente encontrado
Distribuição das Pontuações
Porcentagem de Pessoas com Cada Pontuação
Percentil de Números Respondidos
Sua Pontuação Histórica
Você não jogou esse quiz